Quiz sur Andorre - Statistiques

Statistiques générales
  • Ce quiz a été pris 11 128 fois
  • Le résultat moyen est 8 sur 14
Statistiques - réponses
Question Réponse % Correct
Andorre se situe entre la France et ce pays Espagne
97%
Capitale et plus grande ville Andorre-la-Vieille
95%
Devise monétaire Euro
86%
Andorre a été oubliée dans le Traité de Versailles et était donc techniquement en guerre contre ce pays entre 1914 et 1958 Allemagne
80%
Langue officielle Catalan
66%
Secteur qui représente environ 80% du PIB Tourisme
62%
Pourtant, ce n'est qu'en 1993 qu'Andorre a rejoint cette organisation Nations-Unies
61%
Départements français frontaliers d'Andorre Pyrénées-Orientales
55%
Co-prince français d'Andorre en fonction Emmanuel Macron
53%
Sport qui est pratiqué à Grandvalira, en Andorre Ski
48%
Andorre a la plus forte _____ moyenne en Europe Altitude
44%
Départements français frontaliers d'Andorre Ariège
43%
Personnage historique célèbre qui aurait fondé Andorre, en 780 Charlemagne
30%
Titre du co-prince espagnol d'Andorre Évèque d'{Urgell}
12%
Aucun quiz correspondant
Distribution des résultats
% des personnes avec chaque résultat
Percentile par nombre de réponses
Votre historique - résultats
Vous n’avez pas pris ce quiz